| 000 | 00531nam a2200217Ia 4500 | ||
|---|---|---|---|
| 008 | 210210b2002 xxu||||| |||| 00| 0 eng d | ||
| 020 | _a8126111445 | ||
| 041 | _aeng | ||
| 082 | _a338.9 KUME | ||
| 100 | _aKUMAR (N) | ||
| 245 | _aEconomic development and planning | ||
| 260 |
_aNew Delhi _bAnmol Publications Pvt. Ltd. _c2002 |
||
| 300 | _aviii,436 | ||
| 650 | _aplanning | ||
| 650 | _aEconomic | ||
| 650 | _adevelopment | ||
| 650 | _aand | ||
| 690 | _aEconomic Development | ||
| 700 | _aMITTAL (R) | ||
| 906 | _a066866 | ||
| 999 |
_c149320 _d149320 |
||